Mis relaciones con Máximo Gómez /

Збережено в:
Бібліографічні деталі
Автор: Ferrara, Orestes (autor)
Формат: Книга
Мова:Іспанська
Опубліковано: Miami, EUA : Universal, 1987, c1987
Редагування:3a edición
Серія:(Cuba y sus Jueces)
Предмети:
Теги: Додати тег
Немає тегів, Будьте першим, хто поставить тег для цього запису!

MARC

LEADER 00000nam^a2200000^a^4500
001 000154470
005 20250521000000.0
009 20260310100354.711
020 |a 0-89729-431-9 
037 |a Acervo ITESO - Biblioteca 
041 |a ESP 
082 |a 972. 9105  |b FER 
100 |a Ferrara, Orestes  |e (autor) 
245 1 0 |a Mis relaciones con Máximo Gómez /  |c O. Ferrara ; introd. de Enrique Villuendas ; ap. de Lorenzo Despradel. 
250 |a 3a edición 
264 4 |a Miami, EUA :  |b Universal,  |c 1987, c1987 
300 |a 314 p. 
336 |a texto  |b txt  |2 rdacontenido 
337 |a sin mediación  |b n  |2 rdamedio 
338 |a volumen  |b nc  |2 rdasoporte 
440 1 |a (Cuba y sus Jueces) 
649 |a XX 
650 |a Militares Cubanos 
650 |a Cuba -  |x Historia -  |y Guerra de Independencia, 1895-1898 
650 |a Cuba -  |x Historia -  |y 1810-1898 
650 |a Cuba -  |x Historia -  |y Siglo XIX 
650 |a Ferrara, Orestes 
650 |a Gómez, Máximo 
910 |a Fondo General 
920 |a Impresos - Libros 
930 |a Colección General 
905 |a 101 
901 |a 0500085909  |b IT1  |c ACC  |u 20250521 
902 |a https://opac.biblio.iteso.mx/vufind/Record/000154470